00992nam a2200277Ia 450000500170000000800280001702000180004508200180006310000260008124501010010725000170020830000660022550000210029165000620031265000430037465000520041770000310046970000390050094200120053926400250055133600270057633700330060333800280063604000350066499900150069920220317000305.0141031s9999 ck 000 0 spa d a978849771740304a629.287bF37m1 aFerrer Ruiz, Julián10aMantenimiento mecánico preventivo del vehículo cJulián ferrer Ruiz, Gema Checa Ibáñez a1a edición a309 páginasbilustraciones y fotografías en colorc27 cm. aIncluye índice142LEMBaAutomovilesxMantenimiento y reparaciónvManuales142LEMBaAutomovilesxEquipo y accesorios142LEMBaAutomóvilesxInstalaciones eléctricas1 aCheca Ibañez, Gema993631 aAblanque, Javiereedición913341 2ddccBK aMadridbEditexc2010 atextobtxt2rdacontent asin mediaciónbn2rdamedia avolumenbnc2rdacarrier aCO-BoRNBPbspaerdacCO-BoRNBP c3636d3636